Four Letter Religion A-Z Quiz Stats

 Plays Quiz not verified by Sporcle

Score 0/26 Timer 03:00
0 Plays Today
Clue Word % Correct
Adam and Eve's eldest sonCain
93.5%
____ James's BibleKing
92.5%
Norse god of thunderThor
88.9%
40-day period of fastingLent
88.7%
Holiday celebrating the birth of ChristXmas
84.6%
Deadly sinEnvy
84.2%
Recognized as or declared sacredHoly
82.7%
____ Major and Minor (created by Jupiter)Ursa
82.6%
‘So be it’Amen
79.7%
Solemn promiseOath
78.1%
Man in a religious orderMonk
76.1%
Old Testament bookRuth
71.4%
One who leads mosque prayersImam
70.8%
Clue Word % Correct
Saul of Tarsus alternativePaul
69%
Greek goddess of the EarthGaia
66.6%
Religious group (typically heretical)Sect
66.2%
Greek goddess of victoryNike
64.4%
Item of clothing associated with Salome Veil
61.5%
Heavenly city or kingdom of heavenZion
60.5%
Supreme god of the CanaanitesBaal
59%
Assistant to the bishopDean
51.4%
Hindu spiritual and ascetic disciplineYoga
40.6%
One of the twelve minor prophetsJoel
35.4%
Basic function of the human soulWill
22.8%
Devout or pious (Yiddish)Frum
7.8%
Judge competent in Shari'ah lawQadi
7.8%

You're not logged in!

Compare scores with friends on all Sporcle quizzes.
OR
Log In

Sporcle TV

Today on Sporcle TV


Watch our educational content, quiz creation guides, and fun videos on Sporcle TV.

Show Comments

Extras

Top Quizzes Today


Score Distribution

Your Account Isn't Verified!

In order to create a playlist on Sporcle, you need to verify the email address you used during registration. Go to your Sporcle Settings to finish the process.

Report this User

Report this user for behavior that violates our Community Guidelines.

Details: